000 00449nam a2200181Ia 4500
001 23913
005 20260414151009.0
008 260414t2014||||xx |||||||||||||| ||spa||
041 _aESP
082 _a720.985
_bA177 V. 3
100 _aVelarde, Héctor
_eAUT
245 0 _aNociones y elementos de arquitectura
_b
260 _c2014
300 _axxxviii, 114 páginas :
_c24 cm.
650 _aABD
654 _aCAU
942 _cLIB
_dJUS
_fJUS
_2ddc
_n
999 _c23913
_d23913